01220nam a22002895a 4500001001000000003000400010005001700014008004100031020002500072040002800097082002000125245009400145260007400239300003500313490002900348500002400377504004100401650004300442651001000485653004500495700003600540700003400576942002000610999001700630952014900647952013400796016053500OSt20151026110033.0120315t2010 xxka frbf 001 0 eng d a9780857933300 (pbk.) aEG-ScBUEbengdEG-ScBUE04a338.04222bHAN00aHandbook of research on social entrepreneurship /cedited by Alain Fayolle, Harry Matlay. aCheltenham ;aNorthampton :bEdward Elgar,cc.2010f(MPG Books Group) aviii, 336 p. :bill. ;c24 cm.0 aElgar original reference aIndex : p. 327-336. aIncludes bibliographical references. 7aSocial entrepreneurship.9357122BUEsh 2BUEsh bBUSADMcMarch2014cJune2015cOctober20151 a Fayolle, Alaineeditor.9357131 aMatlay, Harryeeditor.935714 2ddck338.04 HAN c18133d18105 00102ddc40708BaccahaMAINbMAINc1STd2014-03-19epurchaseg360.00l1m5o338.04 HANp000035768r2025-07-15 00:00:00s2014-12-14v450.00yBB 00102ddc40708BaccahaMAINbMAINc1STd2015-06-10ePurchaseg420.00l0o338.04 HANp000038438r2025-07-15 00:00:00v525.00yBB